1274 1976 1806 1774 1546 1765 1598 1202 1770 1958 1513 1038 1023 1049 1609 1361 1889 1101 1118 1769 1838 1419 1821 1754 1888 1241 1211 1042 1685 1463 1738 1177 1160 1322 1153 1944 1625 1427 1985 1036 1892 1273 1558 1338 1408 1537 1624 1773 1993 1063 1186 1136 1370 1255 1744 1227 1570 1739 1817 1371 1878 1371 1623 1286 1239 1761 1356 1235 1460 1081 1783 1839 1811 1481 1655 1852 1761 1034 1366 1999 1669 1030 1657 1752 1757 1320 1142 1894 1738 1580 1227 1925 1655 1372 1279 1627 1130 1974 1924 BCNSPRNW ULIB Ver.6.0+V

เปลี่ยนเป็นภาษาไทย

Change to English
 แสดงรายละเอียดบรรณานุกรม
  กลับหน้าหลัก

Brief Record : Get Marc (ISO 2709) : E-mail record : QR code < ปิดหน้าต่าง
LEADER : 00000nam 2200000uu 4500
001    13399120077
003     ULIB
008    020711s|||| th a 000 0 tha d
020    9789741614813
099    นว.^bอ111ม
100    อ.ไชยวรศิลป์
245    แม่สายสะอื้น/^cอ.ไชยวรศิลป์
260     ^bม.ป.ท.,^cม.ป.ป.
300    367 หน้า หน้า
945    ^p245^l0^i024489
999    ^aวรรณษา ชูชัยมงคล
รายการนี้ยังไม่มีแท็ก
คุณยังไม่ได้ล็อกอิน คุณสามารถมีกิจกรรมร่วมกับเว็บไซต์ได้ แต่ต้องล็อกอินก่อน ::
  ล็อกอิน

รายการสื่อสารสนเทศ

ลำดับที่ ประเภท เลขเรียก/บาร์โค้ด สถานที่ สถานะ
1. นวนิยาย
นวนิยาย
นว. อ111ม ฉ.1 
  Barcode: 024489
ห้องสมุดวิทยาเขตสวรรค์ประชารักษ์
►นวนิยาย
บนชั้น
  ขอยืม

BibComment


ยังไม่เคยถูกคอมเมนท์

คอมเมนท์ทรัพยากรรายการนี้
  คอมเมนท์: แม่สายสะอื้น อไชย..


 Copyright 2026. Bcnsprnw @Library